01220nab a22002057a 4500003000400000005001700004008004100021040000700062100002100069245011000090300001200200500003600212505025800248505026400506650002300770650003200793650001100825650002900836773014900865OSt20260101200908.0190514b xxu||||| |||| 00| 0 spa d cPJ aTanarro, Camila 13aLa disposición ANMAT 3646/98 y el acceso a la interrupción voluntaria del embarazo /cCamila Tanarro. ap. 7-14 aCita: TR LALEY AR/DOC/457/2025. aSumario: I. Introducción.— II. Breve reseña del fallo.— III. Acción colectiva y legitimación activa.— IV. Legitimidad de la medida cautelar.— V. Jerarquía normativa: marco constitucional de los derechos en juego.— VI. Conclusión.  aFallo comentado: CNFed. Contenciosoadministrativo, sala I ~ 19/09/2024 ~ Asociación Civil Centro de Estudios Legales y Sociales c. Administración Nacional de Medicamentos Alimentos y Tecnología — Disp. 3646/98 Expte. 23296671/23 s/ inc. apelación. 0aDERECHO DE FAMILIA 0aINTERRUPCIÓN DEL EMBARAZO 0aABORTO 0aJURISPRUDENCIA APLICABLE0 02844dBuenos Aires : AbeledoPerrot, 1989-tDerecho de familia. Revista Interdisciplinaria de doctrina y jurisprudencia. Abril 2025-II.z18511201